000 00736nam a22002537a 4500
001 65819
003 UA-OsUOA
005 20200117185221.0
007 ta
008 20091210b un ||||| |||| 00| 0 ukr d
020 _a9779668550621
040 _aUA-OsUOA
_bukr
_cUA-OsUOA
_dUA-OsUOA
041 _aukr
080 _a82-94
090 _a82-94
_bС12
100 _aСаварин П.
245 _aЗ собою взяли Україну: від Тернополя до Альберти
260 _aК.
_bКВІЦ
_c2007
300 _a524 с.
650 7 _a82 Література. Літературознавство
_2UDC
942 _cBK
_2udc
955 _a2
999 _c352266
_d352266